000 00688nam a2200253Ia 4500
001 dia_4353
003 CHAP
005 20230130132416.0
007 ta
008 220117s1998 mx f 000 0 spa d
010 _a174996
040 _cCHAP
_amxchpua
090 _aFOLLETO 28879
110 1 _9147846
_aBanco Nacional de Comercio Exterior
245 1 0 _aOportunidades de negocios en hortalizas frescas /
_cBANCOMEXT
260 _aMéxico, D.F. :
_bBANCOMEXT,
_c1998
300 _aS.p.
500 _aD.
650 1 3 _aHortalizas
_9150602
901 _aFOLLETO 28879
902 _aM
905 _a0000001998 mx A 0000000000spa00
942 _cFOLL
_2local
999 _c174996
_d174996